000 00499nam a2200133 a 4500
001 000037783
005 20240305073657.0
008 130306s2001 dr 000 0 spa d
040 _aDO-SdBNP
_bspa
_cBNPHU
100 1 _a Mejía-Ricart G., Tirso,
_d1936-2021
_q(Mejía-Ricart Guzmán)
_91569
245 1 0 _aAnteproyecto de ley general de ordenamiento territorial /
_cTirso Mejía Ricart.
260 _aSanto Domingo :
_bConsejo Nacional de Reforma del Estado (CONARE),
_c2001.
300 _a36 p. : ;
_c22 cm.
999 _c37273
_d37273